000
00326nam a2200145Ia 4500
999
_c
5879
_d
5879
003
OSt
008
191201s2012 xx 000 0 und d
100
_a
GUPTA,BL
245
0
_a
Concrete Technology
250
_a
Rep
260
_a
N. delhi
_b
Standard Publishere
_c
2012
300
_a
652
650
_a
B.Tech(CE)
942
_2
ddc
_c
BK